00776 2200253 4500001002100000005001500021035002000036007000300056008004100059020002200100082001000122084001600132100001900148245014400167250002400311260003700335300002300372500004000395700001800435700002200453600002500475990001100500990001100511INLIS00000000000330320190608114039 a0010-0619000052ta190608 g 0 ind  a978-602-17857-6-8 a153.8 a153.8 GAW v0 aGAWAIN, Shakti1 aVisualisasi Kreatif :bMewujudkan Impian dengan Kekuatan Imajinasi /cShakti Gawain; penerjemah, Laila Qadria; penyunting, Susilawati Hamsa aed.Indonesia, cet.5 a[s.l] :bBright Publisher,c2018 a186 hlm. ;c21 cm. aJudul asli : Creative Visualization0 aLAILA, Qadria0 aSUSILAWATI, Hamsa 4aPSIKOLOPGI. MOTIVASI a6696 a a6696 b